|
|
|
|
| LEADER |
00690nam a2200169Ia 4500 |
| 008 |
140316s9999 xx 000 0 und d |
| 020 |
|
|
|a 81 85038 17 1
|
| 082 |
|
|
|a 330.16
|b CSI/WE
|
| 100 |
|
|
|
| 245 |
|
|
|a Wealth of India : raw materials v.7 : N-Pe
|
| 260 |
|
|
|a New Delhi
|b Council of Scientific and Industrial Research
|c 1966
|
| 300 |
|
|
|a 330
|
| 700 |
|
|
|a CSIR
|
| 942 |
|
|
|2 ddc
|c REF
|
| 999 |
|
|
|c 19313
|d 19313
|
| 952 |
|
|
|0 0
|1 0
|2 ddc
|4 0
|6 330_160000000000000_CSIWE
|7 0
|9 27113
|a KAUCLV
|b KAUCLV
|c REF
|d 2014-03-18
|o 330.16 CSI/WE
|p 208793
|r 2014-03-18
|w 2014-03-18
|y REF
|
| 952 |
|
|
|0 0
|1 0
|2 ddc
|4 0
|6 330_160000000000000_CSIWE
|7 0
|9 27114
|a KAUCLV
|b KAUCLV
|c REF
|d 2014-03-18
|o 330.16 CSI/WE
|p 211525
|r 2014-03-18
|w 2014-03-18
|y REF
|